Differencial'nyje uravnenija Teorija verojatnostej. Izbrannyje trudy

Gespeichert in:
Bibliographische Detailangaben
Format: Buch
Sprache:Russisch
Veröffentlicht: Moskva Nauka 1987
Ausgabe:1. izd.
Tags: Tag hinzufügen
Keine Tags, Fügen Sie das erste Tag hinzu!

MARC

LEADER 00000nam a2200000 4500
001 c022821
005 20250827091830.5
041 0 |a rus 
044 |a RU 
245 1 0 |a Differencial'nyje uravnenija  |b Teorija verojatnostej. Izbrannyje trudy  |c Ivan Georgijevič Petrovskij 
250 |a 1. izd. 
264 1 |a Moskva  |b Nauka  |c 1987 
300 |a 424 s.